| 000 | 00455nam a2200205Ia 4500 | ||
|---|---|---|---|
| 001 | 1514 | ||
| 003 | GE_BSU | ||
| 008 | 181216s||||||||xx |||||||||||||| ||und|| | ||
| 020 | _a9754825416 | ||
| 040 | _cGE_BSU | ||
| 080 | _a811.512.16 | ||
| 245 | _aHITIT.Calisma kitabi 2 | ||
| 260 | _aANKARA | ||
| 260 | _c2007 | ||
| 300 | _a125p. | ||
| 541 | _h10GEL. | ||
| 653 | _aHITIT.Calisma kitabi 2 | ||
| 653 | _aთურქული ენა | ||
| 942 | _cBK | ||
| 999 |
_c35643 _d35643 |
||